000 00850nam a2200265 a 4500
001 25821
003 CO-ViMGA
008 141112s2004 ck r 000 u spa d
020 _a9789586652520
040 _aCO-ViMGA
_bspa
_cCO-ViMGA
041 _aSPA
082 0 4 _a814.5 T81e
100 1 _aTwain, Mark, 1835 - 1910
_940075
245 1 0 _aLos escritos irreverentes /
_cMark Twain ; selección, traducción e introducción de Gabriela Bustelo
250 _a1a ed.
260 _aBogotá :
_bImpedimenta,
_c2013
300 _a151 p.
490 _aEl panteón portátil
500 _aTítulo original : Letters from the Earth.
650 1 4 _aAUTORES ESTADOUNIDENSES
_9718
650 1 4 _aENSAYOS ESTADOUNIDENSES
_940076
650 1 4 _aRELIGION - ENSAYOS, CONFERENCIAS, ETC.
_940077
700 1 _aBustelo, Gabriela, 1962 -
_940078
942 _2ddc
_cBK
999 _c5387
_d5387